<?xml version="1.0" encoding="UTF-8"?>
<marc:record xmlns:marc="http://www.loc.gov/MARC21/slim">
   <marc:leader>00000nam a2200000 a 4500</marc:leader>
   <marc:datafield ind1="1" ind2=" " tag="100">
      <marc:subfield code="a">Salian, Jacques</marc:subfield>
      <marc:subfield code="4">aut</marc:subfield>
      <marc:subfield code="e">Verfasser/-in</marc:subfield>
   </marc:datafield>
   <marc:datafield ind1="1" ind2=" " tag="100">
      <marc:subfield code="a">Jacquinotius, Bartholomaeus</marc:subfield>
   </marc:datafield>
   <marc:datafield ind1="1" ind2=" " tag="100">
      <marc:subfield code="a">Nickel, Goswinus</marc:subfield>
   </marc:datafield>
   <marc:datafield ind1="1" ind2=" " tag="100">
      <marc:subfield code="a">Kinckius, Johann</marc:subfield>
   </marc:datafield>
   <marc:datafield ind1="1" ind2=" " tag="100">
      <marc:subfield code="a">Ferdinand &lt;Köln, Erzbischof&gt;</marc:subfield>
   </marc:datafield>
   <marc:datafield ind1=" " ind2=" " tag="653">
      <marc:subfield code="a">t||Altes Testament</marc:subfield>
   </marc:datafield>
   <marc:datafield ind1=" " ind2=" " tag="653">
      <marc:subfield code="a">s||Biblische Geschichte</marc:subfield>
   </marc:datafield>
   <marc:datafield ind1="0" ind2="0" tag="245">
      <marc:subfield code="a">Annalivm Ecclesiasticorvm Veteris Testamenti Epitome</marc:subfield>
   </marc:datafield>
   <marc:datafield ind1="0" ind2="0" tag="245">
      <marc:subfield code="b">In Qva, Sicut Et In Ipsis Annalibus, Res Sacrae prophanaéque quintuplicis Imperii ab Orbe Condito ad Christi Domini Nativitatem, &amp; receptum in coelum, per annos fere singulos digeruntur, et explicantur</marc:subfield>
   </marc:datafield>
   <marc:datafield ind1="0" ind2="0" tag="245">
      <marc:subfield code="c">Ab ipsomet eorum Auctore Iacobo Saliano Societatis Iesu Presbytero, fideliter accuratéque confecta</marc:subfield>
   </marc:datafield>
   <marc:datafield ind1=" " ind2="1" tag="264">
      <marc:subfield code="a">Coloniae Agrippinae</marc:subfield>
      <marc:subfield code="b">Kinchius</marc:subfield>
      <marc:subfield code="c">1639</marc:subfield>
   </marc:datafield>
   <marc:datafield ind1="1" ind2=" " tag="520">
      <marc:subfield code="a">Erscheinungsvermerk lt. Vorlage: Coloniae Agripp. || Apud Ioannem Kinchivm || Sub Monocerote Veteri || Anno || MDCXXXVIIII. Titelkupfer http://zentralbibliothek.kapuziner.at/kupferstiche/provinzbibliothek/provinzbibliothek_3663.jpg, zahlr. Zierkupferstiche, Verzierungen und ill. Initialen im Text, Ledereinband auf Buchdeckeln aus Holz, Teile des Leders fehlen, Leder mit Linien, fleuralen Elementen und Deckelvignetten verziert, Teile des Buchrückens fehlen, rote Schnittkante. zwei Metallschließen mit Lederscharnieren (beide fehlen).</marc:subfield>
   </marc:datafield>
   <marc:datafield ind1=" " ind2=" " tag="500">
      <marc:subfield code="a">Bibliogr. Nachweis: VD17 23:231085R</marc:subfield>
   </marc:datafield>
   <marc:datafield ind1=" " ind2=" " tag="300">
      <marc:subfield code="a">[5] Bl., 1108 S., [19] Bl. : Ill.; 36 cm</marc:subfield>
   </marc:datafield>
</marc:record>
